000 00562nam a2200181 a 4500
001 000046840
005 20201002053140.0
008 180402s2014 dr 000 p spa d
020 _a9781329257597
040 _aDO-SdBNP
_bspa
_cBNPHU
082 _axxx
_bC146v
100 1 _aCalderón, José Luis,
_d1975-
_963301
245 1 0 _aVersos con tinta de espejos /
_cJosé Luis Calderón.
260 _a[s.l.] :
_b[s.n.],
_c2014.
300 _a61 p, ;
_c23 cm.
500 _aIncluye datos biográficos del autor en la contracubierta.
590 _aInventariado, 2018 /LP
999 _c46329
_d46329